|
|
|
|
| LEADER |
01147nab a2200253 i 4500 |
| 001 |
misc61717 |
| 005 |
20221103141916.0 |
| 008 |
220513s1959 hu o 0|| ger d |
| 022 |
|
|
|a 0001-6446
|
| 040 |
|
|
|a SZTE Miscellanea Repozitórium
|b hun
|
| 041 |
|
|
|a ger
|
| 041 |
|
|
|a mon
|
| 100 |
2 |
|
|a U. Kőhalmi Katalin
|
| 245 |
1 |
4 |
|a Der mongolisch-kamniganische Dialekt von Dadal Sum und die Frage der Mongolisierung der Tungusen in der Nordmongolei und Transbajkalien
|h [elektronikus dokumentum] /
|c U. Kőhalmi Katalin
|
| 260 |
|
|
|c 1959
|
| 300 |
|
|
|a 163-204
|c 24 cm
|
| 300 |
|
|
|a [42] p.
|c 24 cm
|
| 490 |
0 |
|
|a Acta Orientalia Academiae Scientiarum Hungaricae;Acta Orientalia Academiae Scientiarum Hungaricae : a Magyar Tudományos Akadémia orientalisztikai közleményei
|
| 561 |
|
|
|a Németh Gyula hagyaték
|
| 591 |
|
|
|a LOA 1980; NOA 2968
|
| 650 |
|
4 |
|a Bölcsészettudományok
|
| 650 |
|
4 |
|a Nyelvek és irodalom
|
| 695 |
|
|
|a Mongol nyelv - hamnigán nyelvjárás, Tunguz népek - Észak-Mongólia és Bajkálontúl - mongol hatás, Szójegyzék - hamnigán
|
| 856 |
4 |
0 |
|u http://misc.bibl.u-szeged.hu/61717/1/2968a_noa_k88.pdf
|z Dokumentum-elérés
|